| 000 | 00446nam a22001577a 4500 | ||
|---|---|---|---|
| 008 | 250521b |||||||| |||| 00| 0 eng d | ||
| 020 | _a9781473621442 | ||
| 050 |
_aPS3603.H347 _b.C43 2016 |
||
| 100 | _aChambers Becky | ||
| 245 | _aA Cloced and Common Orbit | ||
| 260 |
_aLndon _bHodder and Stroughton _c2016 |
||
| 300 |
_a365p. _b24cm |
||
| 650 |
_aInterplanetary Voyage _vFiction |
||
| 650 |
_aExtraterrestrial Behaviour _vFiction |
||
| 942 | _cBK | ||
| 999 |
_c3581 _d3581 |
||